000 00316nam a2200145 a 4500
008 010430s1988||||xx 0 und c
040 _aSNK
_bslo
_cSNK
_eAACR2
100 1 _aFowles, John
245 1 0 _aSběratel
260 _aPraha
_bOdeon
_c1988
300 _a295 s.
020 _c24
044 _aCZ
041 _aslo
999 _c10660
_d10660